[Event "IND AICF-ch blind 18th"]
[Site "Odisha"]
[Date "2025.04.06"]
[Round "9"]
[White "Krishna, Udupa"]
[Black "Rohit, Atmaram Jadhav"]
[Result "0-1"]
[WhiteElo "1740"]
[BlackElo "1668"]
[PlyCount "40"]
[EventDate "2025.04.02"]
[EventType "swiss"]
[EventRounds "9"]
[EventCountry "IND"]
[SourceTitle "CB15_2025"]
[SourceDate "2025.04.09"]
[SourceVersion "1"]
[SourceVersionDate "2025.04.09"]
[SourceQuality "1"]

1. e4 c6 2. Nc3 d5 3. Nf3 dxe4 4. Nxe4 Nf6 5. Nxf6+ exf6 6. d4 Bd6 7. Bd3 0-0 8. 0-0 Re8 9. c3 Nd7 10. Qc2 Nf8 11. Be3 Be6 12. a4 Qd7 13. a5 Rac8 14. Rfe1 g5 15. Nd2 Bb8 16. Nf1 h6 17. Qd1 Kg7 18. c4 f5 19. Bd2 f6 20. Bc3 Ng6 0-1

[Event "IND AICF-ch blind 18th"]
[Site "Odisha"]
[Date "2025.04.05"]
[Round "8"]
[White "Krishna, Udupa"]
[Black "Shougata, Chowdhury"]
[Result "1-0"]
[WhiteElo "1740"]
[BlackElo "1621"]
[PlyCount "55"]
[EventDate "2025.04.02"]
[EventType "swiss"]
[EventRounds "9"]
[EventCountry "IND"]
[SourceTitle "CB15_2025"]
[SourceDate "2025.04.09"]
[SourceVersion "1"]
[SourceVersionDate "2025.04.09"]
[SourceQuality "1"]

1. e4 e5 2. Nf3 Nc6 3. Bb5 a6 4. Ba4 Nf6 5. d3 Bc5 6. 0-0 b5 7. Bb3 d6 8. a4 Rb8 9. Nc3 h6 10. Nd5 Nxd5 11. Bxd5 Ne7 12. Bb3 0-0 13. h3 Be6 14. c3 Bxb3 15. Qxb3 Ng6 16. d4 Bb6 17. axb5 axb5 18. Be3 Kh8 19. Ra6 f5 20. exf5 Rxf5 21. dxe5 Rxf3 22. gxf3 Nh4 23. Qe6 Bxe3 24. fxe3 Qg5+ 25. Qg4 Qxe3+ 26. Kh1 Qe2 27. Raa1 Re8 28. Rae1 1-0

[Event "Online Olym Disabilities"]
[Site "Tornelo INT"]
[Date "2020.11.26"]
[Round "6.13"]
[White "Demirel, Huseyin"]
[Black "Krishna, Udupa"]
[Result "1/2-1/2"]
[WhiteElo "1451"]
[BlackElo "1733"]
[PlyCount "131"]
[EventDate "2020.11.21"]
[EventType "team-swiss (rapid)"]
[EventRounds "7"]
[EventCountry "NET"]
[SourceTitle "CBM 199 Extra"]
[Source "ChessBase"]
[SourceDate "2021.01.31"]
[SourceVersion "1"]
[SourceVersionDate "2021.01.31"]
[SourceQuality "1"]
[WhiteTeam "Turkey"]
[BlackTeam "India III"]
[WhiteTeamCountry "TUR"]
[BlackTeamCountry "IND"]

1. e4 c5 2. Nf3 Nc6 3. c3 d5 4. exd5 Qxd5 5. Be2 e5 6. d3 Nf6 7. 0-0 Be7 8. Nbd2 0-0 9. Qb3 Rd8 10. Qxd5 Rxd5 11. h3 Bf5 12. Ne1 Rad8 13. Bf3 R5d6 14. Ne4 R6d7 15. Be3 Nxe4 16. dxe4 Be6 17. Be2 g6 18. Nf3 f5 19. exf5 gxf5 20. Bb5 f4 21. Bxc6 bxc6 22. Nxe5 fxe3 23. Nxd7 exf2+ 24. Rxf2 Rxd7 25. b3 c4 26. b4 Bf7 27. Re2 Bf6 28. Rc1 Rd3 29. Rec2 Bg6 30. Rf2 Bxc3 31. Rf3 Bd4+ 32. Kf1 c3 33. a4 Rxf3+ 34. gxf3 c2 35. Ke2 Bb2 36. Kd2 Bxc1+ 37. Kxc1 Kf8 38. h4 Kg7 39. Kd2 Kh6 40. f4 Kh5 41. b5 Kxh4 42. bxc6 Kg4 43. c7 Bf5 44. c8Q Bxc8 45. Kxc2 Kxf4 46. Kd2 Kf3 47. Ke1 h5 48. Kf1 Kg3 49. Kg1 h4 50. Kh1 h3 51. a5 h2 52. a6 Kf4 53. Kxh2 Bxa6 54. Kg2 Bc4 55. Kf2 Ke4 56. Ke1 a5 57. Kd2 Ba2 58. Kc3 Kd5 59. Kb2 Bc4 60. Kc3 Kc5 61. Kb2 Kb4 62. Ka1 a4 63. Kb2 Bb3 64. Kb1 a3 65. Ka1 Bc4 66. Kb1 1/2-1/2

[Event "Asian-ch IBCA Visually Challenged"]
[Site "Udupi"]
[Date "2017.03.26"]
[Round "4.3"]
[White "Waghmare, Sachin Lahu"]
[Black "Krishna, Udupa"]
[Result "0-1"]
[WhiteElo "1600"]
[BlackElo "1761"]
[PlyCount "106"]
[EventDate "2017.03.23"]
[EventType "swiss"]
[EventRounds "8"]
[EventCountry "IND"]
[SourceTitle "EXT 2024"]
[Source "ChessBase"]
[SourceDate "2023.10.10"]
[SourceVersion "1"]
[SourceVersionDate "2023.10.10"]
[SourceQuality "1"]

1. e4 c5 2. Nf3 Nc6 3. d4 cxd4 4. Nxd4 Nf6 5. Nc3 e5 6. Nxc6 bxc6 7. Bg5 Rb8 8. Rb1 Bb4 9. Bc4 h6 10. Bxf6 Qxf6 11. 0-0 0-0 12. Ne2 Bc5 13. Ng3 Rd8 14. c3 a5 15. Qd2 Bb7 16. b4 axb4 17. cxb4 Bd4 18. Rb3 d5 19. Rf3 Qg5 20. Qxg5 hxg5 21. Bb3 Bc8 22. Rc1 Bg4 23. Rd3 dxe4 24. Rxd4 Rxd4 25. h3 Bd7 26. a3 g6 27. Bc4 Kg7 28. Kf1 f5 29. Ke1 f4 30. Ne2 Rd6 31. Nc3 Bf5 32. Ke2 Rbd8 33. g4 fxg3 34. fxg3 Rd2+ 35. Ke3 Rh2 36. Nxe4 Rxh3 37. Bf1 Rh1 38. Nxg5 Kf6 39. Ne4+ Bxe4 40. Kxe4 Rd4+ 41. Ke3 Kg5 42. Rb1 Rd6 43. a4 Rf6 44. Ke2 Rg1 45. a5 Rxg3 46. b5 cxb5 47. Rxb5 Kf4 48. Rb4+ e4 49. Kd2 Rd6+ 50. Kc2 Ra3 51. Rb6 Rxb6 52. axb6 Ra8 53. b7 Rb8 0-1

[Event "IBCA Wch blind 13th"]
[Site "Katerini"]
[Date "2014.05.13"]
[Round "8"]
[White "Krishna, Udupa"]
[Black "Zanoletty Garcia, David"]
[Result "1/2-1/2"]
[WhiteElo "1869"]
[BlackElo "2044"]
[PlyCount "73"]
[EventDate "2014.05.05"]
[EventType "swiss"]
[EventRounds "9"]
[EventCountry "GRE"]
[SourceTitle "CBM 160 Extra"]
[Source "ChessBase"]
[SourceDate "2014.07.01"]
[SourceVersion "1"]
[SourceVersionDate "2014.07.01"]
[SourceQuality "1"]

1. d4 Nf6 2. Nf3 g6 3. Nc3 d5 4. Bg5 Bg7 5. Bxf6 exf6 6. e3 0-0 7. Be2 c6 8. 0-0 Re8 9. b4 f5 10. Rb1 Qd6 11. Qd2 h6 12. Na4 g5 13. Nc5 Nd7 14. c4 Nf6 15. b5 Ne4 16. Qb4 b6 17. Nxe4 Qxb4 18. Rxb4 fxe4 19. Ne1 c5 20. dxc5 bxc5 21. Rb1 d4 22. exd4 Bxd4 23. Nc2 Bg7 24. Ne3 Be6 25. Rfd1 Red8 26. Bg4 Bxg4 27. Nxg4 Rd3 28. Ne3 Ra3 29. Rd2 Bc3 30. Rc2 Rd8 31. Nd5 Bd4 32. Re1 Re8 33. Ne3 Re5 34. Ng4 Re6 35. Ne3 Re5 36. Ng4 Re6 37. Ne3 1/2-1/2

[Event "IBCA Wch blind 13th"]
[Site "Katerini"]
[Date "2014.05.09"]
[Round "5"]
[White "Harnandan, Sergio"]
[Black "Krishna, Udupa"]
[Result "0-1"]
[WhiteElo "1953"]
[BlackElo "1869"]
[PlyCount "38"]
[EventDate "2014.05.05"]
[EventType "swiss"]
[EventRounds "9"]
[EventCountry "GRE"]
[SourceTitle "CBM 160 Extra"]
[Source "ChessBase"]
[SourceDate "2014.07.01"]
[SourceVersion "1"]
[SourceVersionDate "2014.07.01"]
[SourceQuality "1"]

1. d4 Nf6 2. Nc3 d5 3. e4 dxe4 4. f3 Bf5 5. g4 Bg6 6. g5 Nd5 7. Nxe4 e6 8. c3 Be7 9. Bd3 h6 10. f4 hxg5 11. fxg5 Bxe4 12. Bxe4 Bxg5 13. Bxg5 Qxg5 14. Nf3 Qe3+ 15. Qe2 Qxe2+ 16. Kxe2 Nc6 17. Ng5 Ke7 18. Rae1 Rad8 19. Kd1 Rh5 0-1

[Event "IND AICF-ch blind 10th"]
[Site "Mumbai"]
[Date "2014.03.02"]
[Round "11"]
[White "Prachurya, Kumar Pradhan"]
[Black "Krishna, Udupa"]
[Result "0-1"]
[WhiteElo "1673"]
[BlackElo "1853"]
[PlyCount "58"]
[EventDate "2014.02.23"]
[EventType "tourn"]
[EventRounds "13"]
[EventCountry "IND"]
[SourceTitle "CBM 159 Extra"]
[Source "ChessBase"]
[SourceDate "2014.04.24"]
[SourceVersion "1"]
[SourceVersionDate "2014.04.24"]
[SourceQuality "1"]

1. d4 d5 2. Nf3 c5 3. e3 Nc6 4. b3 Bg4 5. Bb2 e6 6. Nbd2 cxd4 7. exd4 Qb6 8. Be2 Nf6 9. 0-0 Bd6 10. c4 Qd8 11. Ne5 Bxe2 12. Qxe2 0-0 13. f4 Bb4 14. Ndf3 Ne4 15. Nxc6 bxc6 16. Rfc1 Bd6 17. Ne5 Bxe5 18. fxe5 f6 19. Ba3 Rf7 20. Rf1 f5 21. Bb4 Qb6 22. Bc5 Nxc5 23. dxc5 Qxc5+ 24. Rf2 Rd8 25. Kf1 dxc4 26. Rc1 Rfd7 27. Rxc4 Rd1+ 28. Qxd1 Rxd1+ 29. Ke2 Qd5 0-1

[Event "IND AICF-ch blind 10th"]
[Site "Mumbai"]
[Date "2014.02.27"]
[Round "7"]
[White "Krishna, Udupa"]
[Black "Shah, Swapanil"]
[Result "1/2-1/2"]
[WhiteElo "1853"]
[BlackElo "1845"]
[PlyCount "108"]
[EventDate "2014.02.23"]
[EventType "tourn"]
[EventRounds "13"]
[EventCountry "IND"]
[SourceTitle "CBM 159 Extra"]
[Source "ChessBase"]
[SourceDate "2014.04.24"]
[SourceVersion "1"]
[SourceVersionDate "2014.04.24"]
[SourceQuality "1"]

1. d4 d5 2. Nf3 Nf6 3. e3 e6 4. Bd3 c5 5. b3 cxd4 6. exd4 Nc6 7. Bb2 Bd6 8. Nbd2 Qc7 9. c4 0-0 10. 0-0 e5 11. cxd5 Nxd5 12. dxe5 Nxe5 13. Nxe5 Bxe5 14. Bxh7+ Kxh7 15. Qh5+ Kg8 16. Bxe5 Qd7 17. Qf3 Ne7 18. Rad1 Nc6 19. Bb2 Qe6 20. Ne4 Qg6 21. Rd6 f6 22. h3 Bf5 23. Ng3 Bc8 24. Rfd1 a5 25. a4 Ra6 26. Re1 Rb6 27. Ba3 Re8 28. Rxe8+ Qxe8 29. Qd1 Qf7 30. Rd3 Be6 31. Rd8+ Kh7 32. Rf8 Qg6 33. Qe2 Ne5 34. Bb2 Bxb3 35. Bxe5 fxe5 36. Qxe5 Bxa4 37. Qb8 Qe6 38. Rh8+ Kg6 39. Nf1 Rb2 40. Qg3+ Kf7 41. Qf4+ Qf6 42. Qc4+ Kg6 43. Qg4+ Kf7 44. Qh5+ Ke7 45. f3 Qd4+ 46. Kh2 Qd6+ 47. Ng3 Bd7 48. Qg5+ Kf7 49. Qd8 Rd2 50. Qg8+ Kg6 51. h4 Rxg2+ 52. Kxg2 Qd2+ 53. Kg1 Qe3+ 54. Kg2 Qd2+ 1/2-1/2

[Event "Bhubaneswar KIIT Cup blind"]
[Site "Bhubaneswar"]
[Date "2013.01.27"]
[Round "5"]
[White "Bagayatkar, Madan"]
[Black "Krishna, Udupa"]
[Result "0-1"]
[WhiteElo "1774"]
[BlackElo "1879"]
[PlyCount "62"]
[EventDate "2013.01.25"]
[EventType "tourn"]
[EventRounds "13"]
[EventCountry "IND"]
[SourceTitle "EXT 2015"]
[Source "ChessBase"]
[SourceDate "2014.11.20"]
[SourceVersion "1"]
[SourceVersionDate "2014.11.20"]
[SourceQuality "1"]

1. e4 c5 2. Nf3 Nc6 3. d4 cxd4 4. Nxd4 Nf6 5. Nc3 e5 6. Nf3 Bb4 7. Bc4 Nxe4 8. 0-0 Nxc3 9. bxc3 Be7 10. Qd5 0-0 11. Nxe5 Nxe5 12. Qxe5 d6 13. Qe3 Qc7 14. Bd3 Be6 15. c4 Bf6 16. Rb1 b6 17. Bb2 Bxb2 18. Rxb2 Rac8 19. Rb4 Qc5 20. Qe4 g6 21. Rb5 Qc6 22. Qf4 Bxc4 23. Rb4 d5 24. h4 Qc7 25. Qh6 Qe7 26. Rbb1 Qf6 27. a3 Bxd3 28. cxd3 Rc2 29. Rb4 Re8 30. h5 Re1 31. Rb1 Qxf2+ 0-1

[Event "Bhubaneswar KIIT Cup blind"]
[Site "Bhubaneswar"]
[Date "2013.01.26"]
[Round "2"]
[White "Krishna, Udupa"]
[Black "Swapnil, Shah"]
[Result "1-0"]
[WhiteElo "1879"]
[BlackElo "1872"]
[PlyCount "46"]
[EventDate "2013.01.25"]
[EventType "tourn"]
[EventRounds "13"]
[EventCountry "IND"]
[SourceTitle "EXT 2015"]
[Source "ChessBase"]
[SourceDate "2014.11.20"]
[SourceVersion "1"]
[SourceVersionDate "2014.11.20"]
[SourceQuality "1"]

1. e4 e5 2. Bc4 Nf6 3. Nc3 Bb4 4. d3 Bxc3+ 5. bxc3 Nc6 6. f4 d6 7. Nf3 Qe7 8. 0-0 h6 9. d4 0-0 10. Nh4 Kh8 11. fxe5 dxe5 12. Qd3 Na5 13. dxe5 Ng4 14. Rxf7 Qc5+ 15. Qd4 Qxd4+ 16. cxd4 Rd8 17. e6 Re8 18. e7 Bd7 19. Rf8+ Rxf8 20. Ng6+ Kh7 21. exf8Q Rxf8 22. Nxf8+ Kh8 23. Nxd7 Nxc4 1-0

[Event "Bhubaneswar KIIT Cup blind"]
[Site "Bhubaneswar"]
[Date "2013.01.26"]
[Round "3"]
[White "Waghmare, Sachin Lahu"]
[Black "Krishna, Udupa"]
[Result "1-0"]
[WhiteElo "1670"]
[BlackElo "1879"]
[PlyCount "93"]
[EventDate "2013.01.25"]
[EventType "tourn"]
[EventRounds "13"]
[EventCountry "IND"]
[SourceTitle "EXT 2015"]
[Source "ChessBase"]
[SourceDate "2014.11.20"]
[SourceVersion "1"]
[SourceVersionDate "2014.11.20"]
[SourceQuality "1"]

1. e4 c5 2. Nf3 Nc6 3. Bb5 g6 4. c3 Bg7 5. 0-0 e5 6. Qe2 Nge7 7. d3 0-0 8. Bg5 f6 9. Be3 d6 10. h3 Be6 11. Rd1 a6 12. Ba4 b5 13. Bc2 f5 14. Ng5 Bf7 15. Nxf7 Kxf7 16. Bb3+ Ke8 17. Bg5 Qd7 18. a4 Na5 19. Bc2 Nec6 20. exf5 Qxf5 21. Be3 Qe6 22. axb5 axb5 23. Nd2 b4 24. Ba4 Kf7 25. Bxc6 Nxc6 26. Qf3+ Kg8 27. Qxc6 Rac8 28. Qb5 bxc3 29. bxc3 Rf7 30. Ra6 Qd5 31. Ne4 Bf8 32. Qc4 Qb7 33. Rxd6 Kg7 34. Ra6 h6 35. Rda1 Qb8 36. Qe6 Kg8 37. Ra7 Rcc7 38. Ra8 Qb2 39. Qxg6+ Kh8 40. Qxh6+ Kg8 41. Nf6+ Rxf6 42. Qxf6 Rf7 43. Qg6+ Rg7 44. Rxf8+ Kxf8 45. Ra8+ Ke7 46. Bxc5+ Kd7 47. Qxg7+ 1-0

[Event "IBCA Wch blind 12th"]
[Site "Belgrade"]
[Date "2010.08.27"]
[Round "2.14"]
[White "Krishna, Udupa"]
[Black "Cabarkapa, Milenko"]
[Result "0-1"]
[WhiteElo "2015"]
[BlackElo "2206"]
[PlyCount "108"]
[EventDate "2010.08.26"]
[EventType "swiss"]
[EventRounds "9"]
[EventCountry "SRB"]
[SourceTitle "EXT 2011"]
[Source "ChessBase"]
[SourceDate "2010.11.26"]
[SourceVersion "1"]
[SourceVersionDate "2010.11.26"]
[SourceQuality "1"]

1. d4 Nf6 2. Nf3 g6 3. e3 Bg7 4. Bd3 0-0 5. e4 d6 6. c3 Nbd7 7. 0-0 e5 8. dxe5 Nxe5 9. Nxe5 dxe5 10. Na3 Be6 11. Qe2 Nd7 12. Bc4 Qe7 13. Be3 Rfd8 14. Nb5 Nf8 15. b4 b6 16. a4 c6 17. Na3 Bxc4 18. Qxc4 Ne6 19. Rfd1 Rxd1+ 20. Rxd1 Rd8 21. Rxd8+ Qxd8 22. g3 Qd1+ 23. Kg2 Qxa4 24. Nb1 Bf8 25. Nd2 Qb5 26. Qxb5 cxb5 27. Nb3 Be7 28. f4 f6 29. Kf3 Nd8 30. Na1 Nb7 31. Nc2 Nd6 32. Na3 Kf7 33. g4 Ke6 34. h4 Bd8 35. g5 exf4 36. Bxf4 a6 37. Ke3 fxg5 38. hxg5 Nf7 39. Nc2 Bxg5 40. Nd4+ Kd7 41. e5 Bxf4+ 42. Kxf4 Nd8 43. Ke4 Ne6 44. Kd5 Nc7+ 45. Ke4 a5 46. bxa5 bxa5 47. e6+ Nxe6 48. Nxb5 h5 49. Na3 h4 50. Nc4 Nc5+ 51. Kd5 h3 52. Ne5+ Kc7 53. Nf3 a4 54. Kc4 a3 0-1

[Event "IBCA Wch blind 11th"]
[Site "Goa"]
[Date "2006.10.17"]
[Round "8"]
[White "Krishna, Udupa"]
[Black "Hilton, Stephen H"]
[Result "1/2-1/2"]
[WhiteElo "2057"]
[BlackElo "2002"]
[PlyCount "80"]
[EventDate "2006.10.09"]
[EventType "swiss"]
[EventRounds "9"]
[EventCountry "IND"]
[SourceTitle "CBM 114 Extra"]
[Source "ChessBase"]
[SourceDate "2006.11.03"]
[SourceVersion "1"]
[SourceVersionDate "2006.11.03"]
[SourceQuality "1"]

1. e4 c5 2. Nf3 d6 3. Bb5+ Nd7 4. d4 Ngf6 5. Nc3 cxd4 6. Qxd4 e5 7. Qd3 h6 8. Qe2 Be7 9. Be3 0-0 10. 0-0 Nb6 11. Rad1 Be6 12. Nxe5 Qc7 13. Nf3 Rfc8 14. Nd4 Bc4 15. Bxc4 Nxc4 16. Bc1 a6 17. Nf5 Bf8 18. Qf3 Ne5 19. Nxh6+ Kh8 20. Qf5 Be7 21. Bg5 Rf8 22. Bxf6 Bxf6 23. Nd5 Qd8 24. f4 Nd7 25. Ng4 g6 26. Qxd7 Qxd7 27. Ngxf6 Qc6 28. Rd3 Kg7 29. Rc3 Qa4 30. f5 Qd4+ 31. Kh1 Rac8 32. Rd3 Qxb2 33. Nd7 Rh8 34. f6+ Kh6 35. Ne7 Qxc2 36. Rh3+ Kg5 37. Rg3+ Kh6 38. Nxc8 Rxc8 39. Rh3+ Kg5 40. Rg3+ Kh6 1/2-1/2

[Event "IBCA Wch blind 11th"]
[Site "Goa"]
[Date "2006.10.15"]
[Round "6"]
[White "Zsiltzova Lisenko, Lubov"]
[Black "Krishna, Udupa"]
[Result "1-0"]
[WhiteElo "2284"]
[BlackElo "2057"]
[PlyCount "121"]
[EventDate "2006.10.09"]
[EventType "swiss"]
[EventRounds "9"]
[EventCountry "IND"]
[SourceTitle "CBM 114 Extra"]
[Source "ChessBase"]
[SourceDate "2006.11.03"]
[SourceVersion "1"]
[SourceVersionDate "2006.11.03"]
[SourceQuality "1"]

1. e4 c5 2. Nf3 Nc6 3. d4 cxd4 4. Nxd4 Nf6 5. Nc3 e5 6. Ndb5 d6 7. Nd5 Nxd5 8. exd5 Nb8 9. c3 Be7 10. Be2 0-0 11. 0-0 f5 12. Kh1 a6 13. Na3 Nd7 14. f4 exf4 15. Bxf4 g5 16. Be3 Ne5 17. Nc4 b5 18. Bb6 Qd7 19. Na5 Rb8 20. Bd4 Bb7 21. Nxb7 Rxb7 22. b4 Bf6 23. a4 Ng6 24. axb5 axb5 25. Bxf6 Rxf6 26. Ra8+ Rf8 27. Rxf8+ Nxf8 28. Qd4 Qe7 29. Bd3 f4 30. Ra1 Rb8 31. h3 Nd7 32. Bf5 Nf8 33. Bd3 Rb7 34. Kg1 Kf7 35. Kf2 Ng6 36. Bxg6+ Kxg6 37. Re1 Qd8 38. Re6+ Kf7 39. Qd3 Kg8 40. Qe4 Kf8 41. Kf3 Rc7 42. Qd4 Kg8 43. Qd3 Qf8 44. Qxb5 Rxc3+ 45. Kf2 Re3 46. Qd7 Qa8 47. Qxd6 Qa7 48. Qd8+ Kg7 49. Qxg5+ Kh8 50. Qd8+ Kg7 51. Qf6+ Kg8 52. Kf1 Qa3 53. Qd8+ Kg7 54. Qd7+ Kg8 55. Re8+ Rxe8 56. Qxe8+ Kg7 57. Qe7+ Kg8 58. Qg5+ Kh8 59. Qxf4 Qd3+ 60. Kg1 Qxd5 61. Qf8+ 1-0

[Event "IBCA Wch blind 11th"]
[Site "Goa"]
[Date "2006.10.12"]
[Round "4"]
[White "Ghadiribidhendi, Hassanali"]
[Black "Krishna, Udupa"]
[Result "1/2-1/2"]
[WhiteElo "2130"]
[BlackElo "2057"]
[PlyCount "27"]
[EventDate "2006.10.09"]
[EventType "swiss"]
[EventRounds "9"]
[EventCountry "IND"]
[SourceTitle "CBM 114 Extra"]
[Source "ChessBase"]
[SourceDate "2006.11.03"]
[SourceVersion "1"]
[SourceVersionDate "2006.11.03"]
[SourceQuality "1"]

1. e4 c5 2. Nf3 Nc6 3. Bb5 Nf6 4. e5 Nd5 5. 0-0 Nd4 6. Nxd4 cxd4 7. Re1 g6 8. c3 Qb6 9. Bc4 Nc7 10. Qf3 Ne6 11. cxd4 Bg7 12. Qf4 h5 13. Nc3 Bh6 14. Qh4 1/2-1/2